The Faber Book of Modern Verse / (Record no. 186922)
[ view plain ]
| 000 -LEADER | |
|---|---|
| fixed length control field | 00614 a2200157 4500 |
| 003 - CONTROL NUMBER IDENTIFIER | |
| control field | Nust |
| 005 - DATE AND TIME OF LATEST TRANSACTION | |
| control field | 20230120124047.0 |
| 040 ## - CATALOGING SOURCE | |
| Transcribing agency | Nust |
| 082 ## - DEWEY DECIMAL CLASSIFICATION NUMBER | |
| Classification number | 808.82,THE |
| 245 ## - TITLE STATEMENT | |
| Title | The Faber Book of Modern Verse / |
| Statement of responsibility, etc. | Edit :Michael Roberts |
| 260 ## - PUBLICATION, DISTRIBUTION, ETC. | |
| Place of publication, distribution, etc. | London |
| Name of publisher, distributor, etc. | Faber & Faber |
| 300 ## - PHYSICAL DESCRIPTION | |
| Extent | 352:p |
| 505 ## - FORMATTED CONTENTS NOTE | |
| Formatted contents note | Introduction (Page-1), Poetry (Page-37), Gerard Manley Hopkins (Page-39), W. B. Yeats (Page-61), Antumn (Page-77), Near Perigord (Page-79), Sweeney Among the Nightingales (Page-98), Harold Monro (Page-126), Conrad Aiken (Page-131), Wallace Stevens (Page-146). |
| 650 ## - SUBJECT ADDED ENTRY--TOPICAL TERM | |
| Topical term or geographic name entry element | Drama |
| 9 (RLIN) | 107240 |
| 942 ## - ADDED ENTRY ELEMENTS (KOHA) | |
| Source of classification or shelving scheme | |
| Koha item type | Book |
| Withdrawn status | Lost status | Source of classification or shelving scheme | Damaged status | Not for loan | Permanent Location | Current Location | Shelving location | Date acquired | Full call number | Barcode | Date last seen | Price effective from | Koha item type | Public note |
|---|---|---|---|---|---|---|---|---|---|---|---|---|---|---|
| Military College of Signals (MCS) | Military College of Signals (MCS) | General Stacks | 12/12/2016 | 808.82,THE | MCS29946 | 12/08/2016 | 12/12/2016 | Book | Almirah No.56, Shelf No.3 |
